000 00614nam a2200205 ar4500
001 3454
005 20221127090745.0
008 130730s xxk a 00110|eng d
020 _a0415238544(pbk)
082 0 4 _a337
_bW317 2001
100 1 _aWaters, Malcolm.
245 1 0 _aGlobalization /
_cMalcolm Waters.
250 _a2nd ed.
260 _aLondon ;
_aNew York :
_bRoutledge,
_c2001.
300 _axix, 247 p. :
_bill. ;
_c20 cm.
500 _aFirst published: 1995.
504 _aIncludes bibl. references and index.
650 4 _aGlobalization
_xEconomic aspects.
650 4 _aInternational economic relations.
999 _c3452
_d3452